Kamenný verzus internetový obchod diplomová práca

Gespeichert in:
Bibliographische Detailangaben
1. Verfasser: Klimková, Lucia
Körperschaft: Obchodná fakulta EU. Katedra tovaroznalectva a kvality tovaru
Weitere Verfasser: Dudeková, Alena, 1986-
Format: Buch
Sprache:Slowakisch
Veröffentlicht: Bratislava 2015
Tags: Tag hinzufügen
Keine Tags, Fügen Sie das erste Tag hinzu!

MARC

LEADER 00000nbm a2200000 4500
001 0203085
005 20161212104131.8
041 0 |a slo 
044 |a SK 
245 1 0 |a Kamenný verzus internetový obchod  |b diplomová práca  |c Lucia Klimková ; školiteľ: Alena Dudeková 
264 1 |a Bratislava  |c 2015 
300 |a 69 s. 
100 1 |a Klimková, Lucia 
700 1 |a Dudeková, Alena, 1986- 
710 2 |a Obchodná fakulta EU. Katedra tovaroznalectva a kvality tovaru